LDR 00636naa#a2200193#i#450# 001 EN\\bibl\123040 005 20260513193455.3 011 ## _a0042-4846 100 ## _a20260326b2026####ek#y0engy0150####ca 102 ## _aRU 200 1# _aTherapeutic efficacy of the drug Nomicef LC in different forms of mastitis in lactating cows _eJournal article 210 1# _aMoscow _cANO Veterinary Medicine Journal _d2026 215 ## _a5 с. 608 ## _aJournal article _2local 686 ## _aВетеринария. 68.41 _2grnti 700 #1 _aZubarev _gVladimir Nikolaevich 700 #1 _aPankov _gIvan Yu. 700 #1 _aEgunova _gAlla Vladimirovna 856 4# _aveterinaria.su _u